MARC details
| 000 -LEADER |
| fixed length control field |
02187nam a22003857a 4500 |
| 001 - CONTROL NUMBER |
| control field |
105961 |
| 003 - CONTROL NUMBER IDENTIFIER |
| control field |
KnowledgeUnlatched |
| 005 - DATE AND TIME OF LATEST TRANSACTION |
| control field |
20210303104935.0 |
| 006 - FIXED-LENGTH DATA ELEMENTS--ADDITIONAL MATERIAL CHARACTERISTICS |
| fixed length control field |
m o d |
| 007 - PHYSICAL DESCRIPTION FIXED FIELD--GENERAL INFORMATION |
| fixed length control field |
cr u|||||||||| |
| 008 - FIXED-LENGTH DATA ELEMENTS--GENERAL INFORMATION |
| fixed length control field |
210129p20102020xx o u00| u ger d |
| 037 ## - SOURCE OF ACQUISITION |
| Institution to which field applies |
BiblioBoard |
| 020 ## - INTERNATIONAL STANDARD BOOK NUMBER |
| International Standard Book Number |
9783666101045 |
| 024 8# - OTHER STANDARD IDENTIFIER |
| Standard number or code |
https://doi.org/10.13109/9783666101045 |
| 029 1# - OTHER SYSTEM CONTROL NUMBER (OCLC) |
| OCLC library identifier |
https://library.biblioboard.com/ext/api/media/05c30129-0628-4051-8b11-2cddd59dd2ed/assets/thumbnail.jpg |
| 040 ## - CATALOGING SOURCE |
| Original cataloging agency |
ScCtBLL |
| Transcribing agency |
ScCtBLL |
| 100 1# - MAIN ENTRY--PERSONAL NAME |
| Personal name |
Brennecke, Christiana |
| Relator term |
author. |
| 245 00 - TITLE STATEMENT |
| Title |
Von Cádiz nach London |
| Remainder of title |
Spanischer Liberalismus im Spannungsfeld von nationaler Selbstbestimmung, Internationalität und Exil (1820-1833) / |
| Statement of responsibility, etc. |
Christiana Brennecke. |
| 264 #1 - PRODUCTION, PUBLICATION, DISTRIBUTION, MANUFACTURE, AND COPYRIGHT NOTICE |
| Name of producer, publisher, distributor, manufacturer |
Vandenhoeck & Ruprecht, |
| 300 ## - PHYSICAL DESCRIPTION |
| Extent |
1 online resource (1 p.) |
| 490 1# - SERIES STATEMENT |
| Series statement |
Veröffentlichungen des Instituts für Europäische Geschichte Mainz |
| 506 0# - RESTRICTIONS ON ACCESS NOTE |
| Terms governing access |
Access copy available to the general public. |
| Standardized terminology for access restriction |
Unrestricted |
| Source of term |
star |
| 520 ## - SUMMARY, ETC. |
| Summary, etc. |
Die Internationalen Brigaden, die im Spanischen Bürgerkrieg gegen das von Hitler und Mussolini unterstützte Franco-Spanien kämpften, gelten bis heute als Vorkämpfer für Freiheit und Demokratie in Spanien und über die spanischen Grenzen hinaus. Dass sich bereits mehr als hundert Jahre zuvor ausländische Freiwillige dazu berufen fühlten, auf spanischem Boden für ein freiheitliches Regime zu kämpfen, gehört dagegen zu den vergessenen Episoden der europäischen Geschichte. |
| 588 0# - SOURCE OF DESCRIPTION NOTE |
| Source of description note |
Description based on print version record. |
| 590 ## - LOCAL NOTE (RLIN) |
| Local note |
KU Open Services |
| 650 #7 - SUBJECT ADDED ENTRY--TOPICAL TERM |
| Topical term or geographic name entry element |
History / Modern / 19th Century |
| Source of heading or term |
bisacsh |
| 650 #0 - SUBJECT ADDED ENTRY--TOPICAL TERM |
| Topical term or geographic name entry element |
History |
| 655 #0 - INDEX TERM--GENRE/FORM |
| Genre/form data or focus term |
Electronic books. |
| 758 ## - |
| -- |
Is found in: |
| -- |
Knowledge Unlatched |
| -- |
https://openresearchlibrary.org/module/2774bc74-146a-484f-a7ba-ab1d6a09bbfb |
| 830 0# - SERIES ADDED ENTRY--UNIFORM TITLE |
| Uniform title |
Veröffentlichungen des Instituts für Europäische Geschichte Mainz |
| 856 40 - ELECTRONIC LOCATION AND ACCESS |
| Uniform Resource Identifier |
<a href="https://openresearchlibrary.org/content/05c30129-0628-4051-8b11-2cddd59dd2ed">https://openresearchlibrary.org/content/05c30129-0628-4051-8b11-2cddd59dd2ed</a> |
| Public note |
View this content on Open Research Library. |
| -- |
0 |